000 01369nam2a22002771 4500
001 v19\rc\2103586
005 20250620103325.0
035 _a(NLR Aleph) 005281174
090 _a6099838
_c6099838
100 _a20090914d1825 |||y0rusy50 ca
101 1 _arus
_cfre
102 _aRU
105 _aa z |||||
200 0 _aЧ. 2
210 _aСанктпетербург
_cпри Императорской Академии наук
_d1825
215 _a[4], 380, [2] с., [8] л. ил.
300 _aИмеется также грав. тит. л.
461 0 _1001v19\rc\2103584
_12001#$aМатери семейств.$fСочинение г. Бульи, члена многих ученых обществ.$gПеревел с французскаго Иван Соц$vЧ. 2
_96099822
_aБуйи, Ж.Н. (1763-1842)
_cМосква
_d1825
_fСочинение г. Бульи, члена многих ученых обществ.
_nВ типографии Императорскаго Московскаго театра. У содержателя А. Похорскаго
_tМатери семейств.
_vЧ. 2
801 0 _aRU
_bNLR
_c20090914
_gpsbo
801 1 _aRU
_bProSoft-M
_c20090914
_2rusmarc
801 2 _aRU
_bNLR
_c20120320
_2rusmarc
852 _aNLR
_j18.226.3.8(ч.2)
852 _aNLR
_bРЗФ
_j18 в. 1/33 (ч.2)
942 _cBOOK
980 _aNB